[Event "IX American Continental Classical Championship 201"]
[Site "Hotel Pipa AtlÃ¢ntico - Praia da Pipa - Rio Grande"]
[Date "2014.10.18"]
[Round "1"]
[Board "1"]
[White "Bruzon Batista, Lazaro"]
[Black "Santos Filho, Tadeu Sousa"]
[Result "1-0"]
[WhiteElo "2679"]
[BlackElo "2074"]
[PlyCount "75"]
[EventDate "2014.10.18"]
[EventRounds "11"]
[EventCountry "BRA"]

1. d4 Nf6 2. c4 g6 3. f3 Bg7 4. e4 d6 5. Be3 O-O 6. Ne2 c5 7. d5 Na6 8. Nec3
Bd7 9. Qd2 Re8 10. Be2 e6 11. dxe6 Rxe6 12. O-O Nc7 13. Rd1 a6 14. a4 Qe8 15.
a5 Rb8 16. Na3 b5 17. axb6 Rxb6 18. Kh1 Qb8 19. Ra2 Bc6 20. Nd5 Rb3 21. Bg5
Nce8 22. Qc2 Rb7 23. Nb1 h6 24. Bc1 Ra7 25. Nbc3 Bxd5 26. cxd5 Ree7 27. Rxa6
Rxa6 28. Bxa6 Nc7 29. Bf1 Nd7 30. Bd2 Re8 31. Rb1 Rc8 32. Nd1 Ne5 33. b4 c4 34.
b5 Qb6 35. f4 Ng4 36. Qxc4 Qb8 37. b6 Ne6 38. Qe2 1-0

[Event "IX American Continental Classical Championship 201"]
[Site "Hotel Pipa AtlÃ¢ntico - Praia da Pipa - Rio Grande"]
[Date "2014.10.18"]
[Round "1"]
[Board "2"]
[White "Bastos, Werton Alvarenga"]
[Black "Granda Zuniga, Julio E"]
[Result "0-1"]
[WhiteElo "2071"]
[BlackElo "2674"]
[PlyCount "122"]
[EventDate "2014.10.18"]
[EventRounds "11"]
[EventCountry "BRA"]

1. c4 e5 2. Nc3 Nc6 3. g3 g6 4. Bg2 Bg7 5. e4 d6 6. d3 f5 7. Nge2 Nf6 8. O-O
O-O 9. f3 h6 10. Be3 g5 11. Qd2 f4 12. Bf2 Ne7 13. d4 Ng6 14. b3 Be6 15. dxe5
dxe5 16. Qxd8 Rfxd8 17. Rad1 Rxd1 18. Rxd1 c6 19. Na4 b6 20. g4 Bf8 21. Nc1 h5
22. h3 hxg4 23. hxg4 Ne8 24. Nd3 Rd8 25. Nc3 Nc7 26. Bf1 Bf7 27. Ne1 Rc8 28.
Nc2 Ne6 29. Rd7 Ra8 30. Be2 Be8 31. Rd1 Kf7 32. Kg2 Ne7 33. a3 c5 34. Nd5 Nc6
35. a4 Rb8 36. Kf1 Rb7 37. Rb1 Ned4 38. Nxd4 exd4 39. Bd3 Ke6 40. Kg2 Ne5 41.
Be2 Bg6 42. Ra1 Bg7 43. Ra2 Nc6 44. Be1 Bf8 45. Bd1 Kd6 46. Bc2 Bf7 47. Bd2 Bg7
48. Bd3 Be6 49. Be1 Rb8 50. Kg1 Ne5 51. Be2 d3 52. Bd1 Nc6 53. Rh2 Rh8 54. Rxh8
Bxh8 55. Nc3 a6 56. Kf1 Bd4 57. Bd2 Be3 58. Ke1 Nd4 59. Nb1 b5 60. cxb5 axb5
61. Na3 b4 0-1

[Event "IX American Continental Classical Championship 201"]
[Site "Hotel Pipa AtlÃ¢ntico - Praia da Pipa - Rio Grande"]
[Date "2014.10.18"]
[Round "1"]
[Board "3"]
[White "Bachmann, Axel"]
[Black "Parente, Renan Braz"]
[Result "1-0"]
[WhiteElo "2645"]
[BlackElo "2071"]
[PlyCount "61"]
[EventDate "2014.10.18"]
[EventRounds "11"]
[EventCountry "BRA"]

1. d4 Nf6 2. Nf3 g6 3. Bg5 Bg7 4. Nbd2 O-O 5. e4 d5 6. exd5 Nxd5 7. Nb3 a5 8.
a4 b6 9. Bc4 Qd6 10. O-O Bb7 11. Re1 e6 12. Nbd2 c5 13. Ne4 Qc7 14. dxc5 bxc5
15. Bxd5 exd5 16. Nf6+ Bxf6 17. Bxf6 Nd7 18. Bh4 d4 19. Bg3 Qc6 20. Qd2 Rfe8
21. b3 Nf6 22. Rxe8+ Rxe8 23. Qxa5 Re2 24. Re1 Rxc2 25. Qd8+ Kg7 26. Be5 Rb2
27. h4 h5 28. Re4 g5 29. hxg5 Kg6 30. Bxf6 Qxe4 31. Ne5+ 1-0

[Event "IX American Continental Classical Championship 201"]
[Site "Hotel Pipa AtlÃ¢ntico - Praia da Pipa - Rio Grande"]
[Date "2014.10.18"]
[Round "1"]
[Board "4"]
[White "Fiaes, Mario Henrique Andrade"]
[Black "Leitao, Rafael"]
[Result "0-1"]
[WhiteElo "2070"]
[BlackElo "2636"]
[PlyCount "76"]
[EventDate "2014.10.18"]
[EventRounds "11"]
[EventCountry "BRA"]

1. d4 Nf6 2. Nf3 e6 3. Bg5 h6 4. Bh4 d6 5. e3 g5 6. Bg3 Nh5 7. Nfd2 Nxg3 8.
hxg3 Bg7 9. Bd3 Qe7 10. Qe2 c5 11. c3 Nc6 12. Na3 Bd7 13. O-O-O d5 14. dxc5
Qxc5 15. Nb3 Qe7 16. Nd4 O-O-O 17. Kb1 Kb8 18. Bb5 e5 19. Nb3 a6 20. Bxc6 Bxc6
21. Ka1 Rd7 22. Rd2 Rhd8 23. Na5 Ba4 24. Nc2 Qc5 25. Nb3 Qc6 26. Nc1 f5 27. g4
fxg4 28. Qxg4 d4 29. exd4 Bxc2 30. Rxc2 exd4 31. Rd1 Qc7 32. c4 d3 33. Rcd2 Rd4
34. Qf3 Qxc4 35. Rxd3 Rxd3 36. Nxd3 Qc2 37. Qg3+ Ka8 38. Rc1 Bxb2+ 0-1

[Event "IX American Continental Classical Championship 201"]
[Site "Hotel Pipa AtlÃ¢ntico - Praia da Pipa - Rio Grande"]
[Date "2014.10.18"]
[Round "1"]
[Board "7"]
[White "Ortiz Suarez, Isan Reynaldo"]
[Black "Fiora, Emilio"]
[Result "1-0"]
[WhiteElo "2611"]
[BlackElo "2058"]
[PlyCount "143"]
[EventDate "2014.10.18"]
[EventRounds "11"]
[EventCountry "BRA"]

1. e4 c5 2. Nf3 d6 3. d4 cxd4 4. Nxd4 Nf6 5. Nc3 g6 6. Be3 Bg7 7. f3 O-O 8. Qd2
Nc6 9. Bc4 Bd7 10. h4 Rb8 11. h5 b5 12. Bb3 Nxd4 13. Bxd4 b4 14. Nd5 e6 15.
Nxf6+ Bxf6 16. O-O-O Bxd4 17. Qxd4 Qg5+ 18. Kb1 Rb6 19. g4 e5 20. Qf2 Be6 21.
hxg6 Qxg6 22. Rh5 Bxb3 23. axb3 f6 24. Rdh1 Rf7 25. Qd2 Kh8 26. Qd5 Qg8 27. Qe6
Rbb7 28. Qxd6 Qb8 29. Qxb8+ Rxb8 30. Rd1 Kg7 31. Rd6 h6 32. Rh2 Kg6 33. Rh5 Kg7
34. Rd1 Kg6 35. Rf5 Rb6 36. Rh5 Rbb7 37. Kc1 Rb6 38. Rd8 Ra6 39. Kb1 Rb6 40.
Rh1 Kg5 41. Rhd1 Kf4 42. R1d3 Rh7 43. Rg8 Kg3 44. c4 bxc3 45. Rxc3 Rd7 46. Kc2
Rbd6 47. Rg6 Rd2+ 48. Kb1 Rf2 49. Rxf6 Rdd2 50. Ka2 Rxb2+ 51. Ka3 Rbc2 52. Rxc2
Rxc2 53. Rf5 Rc3 54. Rxe5 Kxf3 55. Re6 Kxg4 56. Rxh6 Re3 57. Rh7 Re1 58. Rf7
Kg5 59. b4 Kg6 60. Rf4 Kg5 61. Rf5+ Kg6 62. Ra5 Kf6 63. Ka4 Ke6 64. Ra6+ Ke5
65. Kb5 Rxe4 66. Kc5 Re1 67. Rxa7 Rc1+ 68. Kb6 Kd6 69. b5 Rb1 70. Rh7 Rb2 71.
Ka6 Rb1 72. b6 1-0

[Event "IX American Continental Classical Championship 201"]
[Site "Hotel Pipa AtlÃ¢ntico - Praia da Pipa - Rio Grande"]
[Date "2014.10.18"]
[Round "1"]
[Board "9"]
[White "Felgaer, Ruben"]
[Black "Pinto, Rafael Henrique"]
[Result "1-0"]
[WhiteElo "2577"]
[BlackElo "2042"]
[PlyCount "101"]
[EventDate "2014.10.18"]
[EventRounds "11"]
[EventCountry "BRA"]

1. e4 e5 2. Nf3 Nc6 3. Bb5 Nf6 4. d3 Bc5 5. c3 O-O 6. O-O Re8 7. Nbd2 a6 8. Ba4
b5 9. Bb3 d6 10. h3 h6 11. Re1 Be6 12. Nf1 Bb6 13. Ng3 d5 14. Qe2 d4 15. Bxe6
Rxe6 16. Nf5 dxc3 17. bxc3 Ne7 18. a4 Ng6 19. Be3 Qe8 20. g3 Rb8 21. axb5 axb5
22. Reb1 Bxe3 23. Qxe3 Reb6 24. Ra7 Rc6 25. Ra3 Rcb6 26. Rab3 Kh7 27. Nd2 Nd7
28. d4 Ne7 29. Nxe7 Qxe7 30. d5 Qc5 31. Qe2 g6 32. Nf1 Nf6 33. Qf3 Kg7 34. Ne3
Ne8 35. Ng4 f6 36. h4 h5 37. Ne3 Nd6 38. g4 Rh8 39. Ra1 Nc4 40. Nxc4 Qxc4 41.
Rb4 Qc5 42. Ra7 hxg4 43. Qxg4 Rd6 44. Rb7 f5 45. Qg3 Re8 46. R4xb5 Qc4 47. exf5
Kf7 48. Rb4 Qc5 49. Qf3 gxf5 50. Qxf5+ Rf6 51. Qh7+ 1-0

[Event "IX American Continental Classical Championship 201"]
[Site "Hotel Pipa AtlÃ¢ntico - Praia da Pipa - Rio Grande"]
[Date "2014.10.18"]
[Round "1"]
[Board "10"]
[White "Rothebarth, Ana Vitoria De Pau"]
[Black "Kaidanov, Gregory S"]
[Result "1/2-1/2"]
[WhiteElo "2042"]
[BlackElo "2569"]
[PlyCount "105"]
[EventDate "2014.10.18"]
[EventRounds "11"]
[EventCountry "BRA"]

1. e4 e5 2. Nf3 Nc6 3. Bb5 a6 4. Ba4 Nf6 5. O-O b5 6. Bb3 Bb7 7. d4 Nxd4 8.
Nxd4 exd4 9. e5 Ne4 10. Qf3 Qe7 11. Nd2 Nc5 12. Bd5 Bxd5 13. Qxd5 c6 14. Qxd4
Qe6 15. b3 Qg6 16. Bb2 Be7 17. Rfe1 O-O 18. Ne4 Nxe4 19. Qxe4 d5 20. exd6 Bxd6
21. Qxg6 hxg6 22. Rad1 Rfd8 23. Kf1 Bb4 24. c3 Bc5 25. Bc1 Kf8 26. Bf4 f6 27.
Bc7 Rxd1 28. Rxd1 Kf7 29. Rd7+ Ke6 30. Rd8 Rxd8 31. Bxd8 Bd6 32. Ke2 Kd5 33.
Kd3 c5 34. c4+ Kc6 35. h3 Kd7 36. Bb6 Kc6 37. Bd8 Kd7 38. Bb6 b4 39. Ke4 Ke6
40. f4 f5+ 41. Kf3 Be7 42. g4 Kd6 43. g5 Kc6 44. Ba5 Kb7 45. Ke3 Bd6 46. Kf3
Kc6 47. Ke3 Kd7 48. Kf3 Kc8 49. Ke3 Kb7 50. Kf3 Bb8 51. Ke3 Kc6 52. Kf3 Ba7 53.
Ke3 1/2-1/2

[Event "IX American Continental Classical Championship 201"]
[Site "Hotel Pipa AtlÃ¢ntico - Praia da Pipa - Rio Grande"]
[Date "2014.10.18"]
[Round "1"]
[Board "12"]
[White "Rocha, Vitor Firmo De Souza"]
[Black "Cruz, Cristhian"]
[Result "0-1"]
[WhiteElo "2041"]
[BlackElo "2557"]
[PlyCount "90"]
[EventDate "2014.10.18"]
[EventRounds "11"]
[EventCountry "BRA"]

1. e4 c5 2. Nf3 d6 3. Bb5+ Nc6 4. O-O Bd7 5. Re1 Nf6 6. c3 a6 7. Bf1 Bg4 8. h3
Bxf3 9. Qxf3 g6 10. b3 Bg7 11. Bb2 Nd7 12. a4 O-O 13. Qd1 e6 14. Na3 d5 15. d3
Qb6 16. Rb1 Rfd8 17. Ba1 Qc7 18. Qc1 d4 19. b4 dxc3 20. Bxc3 cxb4 21. Bxg7 Kxg7
22. Rxb4 e5 23. Rb2 Rac8 24. Nc4 Na5 25. Rc2 Nxc4 26. Rxc4 Qb8 27. Rxc8 Rxc8
28. Qa1 Qd6 29. d4 Qxd4 30. Qxd4 exd4 31. Rd1 Rc2 32. Rxd4 Nc5 33. Bc4 Rc1+ 34.
Kh2 Ra1 35. Bd5 Rxa4 36. Rxa4 Nxa4 37. Bxb7 a5 38. f4 Nc3 39. e5 a4 40. Ba6 a3
41. Bc4 a2 42. Bxa2 Nxa2 43. g4 Kf8 44. Kg3 Nc3 45. Kh4 Ne4 0-1

[Event "IX American Continental Classical Championship 201"]
[Site "Hotel Pipa AtlÃ¢ntico - Praia da Pipa - Rio Grande"]
[Date "2014.10.18"]
[Round "1"]
[Board "13"]
[White "Perez Ponsa, Federico"]
[Black "Hurtado Bahamonde, Rodrigo"]
[Result "1-0"]
[WhiteElo "2536"]
[BlackElo "2040"]
[PlyCount "91"]
[EventDate "2014.10.18"]
[EventRounds "11"]
[EventCountry "BRA"]

1. d4 d5 2. c4 c6 3. Nf3 Nf6 4. e3 e6 5. b3 Nbd7 6. Bb2 Ne4 7. Nbd2 f5 8. Bd3
Bd6 9. O-O O-O 10. Ne5 Nxe5 11. dxe5 Bb4 12. Nf3 c5 13. Rc1 Qe7 14. Qe2 Bd7 15.
Rfd1 Rfd8 16. cxd5 exd5 17. Bb1 Be6 18. a3 Ba5 19. b4 cxb4 20. axb4 Bxb4 21.
Nd4 Rac8 22. Nxe6 Qxe6 23. Rxc8 Qxc8 24. Ba2 Nc3 25. Bxc3 Qxc3 26. Bxd5+ Kh8
27. Bxb7 Rxd1+ 28. Qxd1 Qe1+ 29. Qxe1 Bxe1 30. Ba6 Bc3 31. f4 g5 32. Kf2 Kg7
33. Bd3 a5 34. Bxf5 a4 35. Kf3 h6 36. Be6 a3 37. Ke4 Bd2 38. f5 Bc1 39. Ba2 Bd2
40. h3 Bc1 41. Kd5 Bxe3 42. Ke6 Bd4 43. f6+ Kf8 44. Kf5 Bc3 45. e6 Bd4 46. e7+
 1-0

[Event "IX American Continental Classical Championship 201"]
[Site "Hotel Pipa AtlÃ¢ntico - Praia da Pipa - Rio Grande"]
[Date "2014.10.18"]
[Round "1"]
[Board "14"]
[White "Xavier, Lucca Lucas"]
[Black "Hernandez Guerrero, Gilberto"]
[Result "0-1"]
[WhiteElo "2039"]
[BlackElo "2531"]
[PlyCount "66"]
[EventDate "2014.10.18"]
[EventRounds "11"]
[EventCountry "BRA"]

1. e4 c5 2. Nf3 d6 3. Bc4 Nf6 4. Nc3 a6 5. d4 cxd4 6. Nxd4 e6 7. O-O Be7 8. Be3
O-O 9. Bb3 b5 10. f3 Bb7 11. Bxe6 fxe6 12. Nxe6 Qc8 13. Nxf8 Bxf8 14. Qd2 Nbd7
15. Bd4 Qc4 16. b3 Qc7 17. Rfe1 Rc8 18. Rac1 Ne5 19. Ne2 d5 20. exd5 Nxd5 21.
Ng3 Ng6 22. c3 Bd6 23. Nh5 Bxh2+ 24. Kf2 Bf4 25. Nxf4 Ndxf4 26. c4 b4 27. g3
Qc6 28. Qe3 Nh3+ 29. Kg2 Ng5 30. Qxg5 Qxf3+ 31. Kh3 Qg2+ 32. Kg4 Rf8 33. Qe3
Bf3+ 0-1

[Event "IX American Continental Classical Championship 201"]
[Site "Hotel Pipa AtlÃ¢ntico - Praia da Pipa - Rio Grande"]
[Date "2014.10.18"]
[Round "1"]
[Board "15"]
[White "El Debs, Felipe De Cresce"]
[Black "Cella, Glaucio Dalla Cortt"]
[Result "1-0"]
[WhiteElo "2514"]
[BlackElo "2033"]
[PlyCount "57"]
[EventDate "2014.10.18"]
[EventRounds "11"]
[EventCountry "BRA"]

1. Nf3 Nf6 2. c4 g6 3. Nc3 Bg7 4. e4 d6 5. d4 O-O 6. Be2 e5 7. Be3 Nc6 8. d5
Ne7 9. Nd2 Ne8 10. b4 f5 11. f3 Nf6 12. c5 Nh5 13. Nc4 Nf4 14. O-O fxe4 15.
fxe4 dxc5 16. bxc5 Nxe2+ 17. Qxe2 Bd7 18. Rxf8+ Bxf8 19. Rb1 Bg7 20. Rxb7 Bc8
21. Rb1 Ba6 22. a4 Rb8 23. Nb5 c6 24. dxc6 Nxc6 25. Qa2 Nb4 26. Qb3 Qd3 27.
Qxb4 Bc8 28. Qb3 Qxb3 29. Rxb3 1-0

[Event "IX American Continental Classical Championship 201"]
[Site "Hotel Pipa AtlÃ¢ntico - Praia da Pipa - Rio Grande"]
[Date "2014.10.18"]
[Round "1"]
[Board "16"]
[White "Rodrigues, Nei Jorge"]
[Black "Alonso, Salvador"]
[Result "0-1"]
[WhiteElo "2033"]
[BlackElo "2505"]
[PlyCount "106"]
[EventDate "2014.10.18"]
[EventRounds "11"]
[EventCountry "BRA"]

1. Nf3 c5 2. g3 Nc6 3. Bg2 g6 4. O-O Bg7 5. d3 d6 6. c4 e6 7. Nc3 Nge7 8. Bf4
h6 9. h4 b6 10. Rb1 Bb7 11. a3 Qd7 12. Ne4 e5 13. Bd2 f5 14. Nc3 O-O 15. e4 Nd8
16. b4 Ne6 17. Nd5 Nc6 18. Kh2 Rf7 19. b5 Ncd4 20. Nxd4 Nxd4 21. exf5 Qxf5 22.
Be4 Qe6 23. Be3 Nf5 24. Qg4 h5 25. Qe2 Raf8 26. f3 Kh8 27. Nc3 Qd7 28. Nd5 Qe6
29. Nc3 Kh7 30. Nd5 Bh6 31. Bg1 Kh8 32. a4 Rg7 33. f4 Bc8 34. Qg2 Rgf7 35. a5
bxa5 36. Ra1 Bg7 37. Rxa5 Nh6 38. Ra2 Ng4+ 39. Kh1 Bh6 40. Raa1 exf4 41. Nxf4
Bxf4 42. Rxf4 Rxf4 43. gxf4 Qf6 44. Rf1 Qxh4+ 45. Bh2 Bf5 46. Kg1 Qf6 47. Qf3
Re8 48. Bxf5 gxf5 49. Bg3 Qd4+ 50. Bf2 Qg7 51. Qg2 Re2 52. Kh1 Kh7 53. Qg3
Nxf2+ 0-1

[Event "IX American Continental Classical Championship 201"]
[Site "Hotel Pipa AtlÃ¢ntico - Praia da Pipa - Rio Grande"]
[Date "2014.10.18"]
[Round "1"]
[Board "17"]
[White "Shabalov, Alexander"]
[Black "Pinheiro, Davi Sales"]
[Result "1-0"]
[WhiteElo "2499"]
[BlackElo "2022"]
[PlyCount "41"]
[EventDate "2014.10.18"]
[EventRounds "11"]
[EventCountry "BRA"]

1. d4 Nf6 2. c4 e6 3. Nf3 d5 4. Nc3 c6 5. e3 Nbd7 6. Bd2 Bd6 7. Rc1 O-O 8. h3
b6 9. Bd3 Bb7 10. O-O e5 11. cxd5 cxd5 12. Nb5 Bb8 13. dxe5 Nxe5 14. Nxe5 Bxe5
15. Bc3 Bxc3 16. Rxc3 a6 17. Nd4 Ne4 18. Bxe4 dxe4 19. Qg4 Rc8 20. Rxc8 Qxc8
21. Nf5 1-0

[Event "IX American Continental Classical Championship 201"]
[Site "Hotel Pipa AtlÃ¢ntico - Praia da Pipa - Rio Grande"]
[Date "2014.10.18"]
[Round "1"]
[Board "19"]
[White "Gonzalez Acosta, Bernal"]
[Black "Reboucas, Deive Pacheco"]
[Result "1-0"]
[WhiteElo "2478"]
[BlackElo "2008"]
[PlyCount "63"]
[EventDate "2014.10.18"]
[EventRounds "11"]
[EventCountry "BRA"]

1. d4 d5 2. c4 c6 3. Nf3 Nf6 4. e3 Bf5 5. Nc3 e6 6. Nh4 Bg4 7. Qb3 b6 8. h3 Bh5
9. g4 Bg6 10. Nxg6 hxg6 11. Bg2 Be7 12. cxd5 exd5 13. g5 Ne4 14. Nxe4 dxe4 15.
h4 Bd6 16. Bxe4 Qe7 17. Qc2 Bb4+ 18. Kf1 Nd7 19. Bxc6 Rc8 20. Qe4 Qxe4 21. Bxe4
Ke7 22. a3 Bd6 23. Bd2 Rh5 24. f4 Rch8 25. Be1 Nf8 26. Rc1 f6 27. Rc8 fxg5 28.
fxg5 Kd7 29. Ra8 a5 30. Kg2 Ne6 31. Ra7+ Nc7 32. Bxg6 1-0

[Event "IX American Continental Classical Championship 201"]
[Site "Hotel Pipa AtlÃ¢ntico - Praia da Pipa - Rio Grande"]
[Date "2014.10.18"]
[Round "1"]
[Board "21"]
[White "Pichot, Alan"]
[Black "Chaves, Jorge Antonio Torres"]
[Result "1-0"]
[WhiteElo "2473"]
[BlackElo "2006"]
[PlyCount "41"]
[EventDate "2014.10.18"]
[EventRounds "11"]
[EventCountry "BRA"]

1. e4 e5 2. Nf3 Nf6 3. Nxe5 d6 4. Nf3 Nxe4 5. Nc3 Nxc3 6. dxc3 Be7 7. Be3 Nd7
8. Qd2 O-O 9. O-O-O Nc5 10. h4 Bg4 11. Be2 c6 12. Ng5 Bf5 13. g4 Qa5 14. gxf5
Qxa2 15. Qd4 d5 16. f6 gxf6 17. Rhg1 Kh8 18. Qf4 Ne6 19. Nxe6 fxe6 20. Qh6 Rg8
21. Bd3 1-0

[Event "IX American Continental Classical Championship 201"]
[Site "Hotel Pipa AtlÃ¢ntico - Praia da Pipa - Rio Grande"]
[Date "2014.10.18"]
[Round "1"]
[Board "22"]
[White "Barreto Junior, Williem Silva"]
[Black "Henriquez Villagra, Cristobal"]
[Result "0-1"]
[WhiteElo "2006"]
[BlackElo "2470"]
[PlyCount "60"]
[EventDate "2014.10.18"]
[EventRounds "11"]
[EventCountry "BRA"]

1. Nf3 c5 2. g3 g6 3. Bg2 Bg7 4. O-O Nc6 5. d3 d5 6. Nbd2 e5 7. e4 d4 8. a4
Nge7 9. Nc4 O-O 10. Nfd2 Be6 11. f4 f6 12. fxe5 Nxe5 13. Nxe5 fxe5 14. Rxf8+
Qxf8 15. Qf1 Nc6 16. Nb1 Qe7 17. Bh3 c4 18. Bxe6+ Qxe6 19. Qe2 cxd3 20. cxd3
Nb4 21. Qd1 Rc8 22. Na3 Kh8 23. Qd2 Qb3 24. Nc4 Qxd3 25. Qxd3 Nxd3 26. b3 Nc5
27. Nd6 Nxb3 28. Nxc8 Nxa1 29. Ne7 Nb3 30. Bb2 Nc5 0-1

[Event "IX American Continental Classical Championship 201"]
[Site "Hotel Pipa AtlÃ¢ntico - Praia da Pipa - Rio Grande"]
[Date "2014.10.18"]
[Round "1"]
[Board "23"]
[White "Terry, Renato"]
[Black "Lopes Silva, Luiz Eduardo"]
[Result "1-0"]
[WhiteElo "2454"]
[BlackElo "2003"]
[PlyCount "61"]
[EventDate "2014.10.18"]
[EventRounds "11"]
[EventCountry "BRA"]

1. d4 Nf6 2. Nf3 g6 3. Bg5 Bg7 4. Nbd2 d6 5. c3 O-O 6. e4 Nbd7 7. Bc4 c5 8. e5
Ne8 9. Qe2 dxe5 10. dxe5 Nb6 11. Bb3 Nc7 12. Qe3 Ne6 13. h4 Qc7 14. Qe4 h6 15.
Be3 Bd7 16. h5 Bc6 17. Qg4 g5 18. Bxe6 fxe6 19. Qxe6+ Kh8 20. O-O Bd5 21. Qg4
Nd7 22. Rae1 Nxe5 23. Nxe5 Bxe5 24. Re2 Bh2+ 25. Kh1 Bf4 26. Bxf4 Rxf4 27. Qg3
Raf8 28. Kg1 Qd7 29. f3 g4 30. fxg4 Rxf1+ 31. Nxf1 {resto ilegÃ­vel} 1-0

[Event "IX American Continental Classical Championship 201"]
[Site "Hotel Pipa AtlÃ¢ntico - Praia da Pipa - Rio Grande"]
[Date "2014.10.18"]
[Round "1"]
[Board "24"]
[White "Jorquera Cabello, Valentina"]
[Black "Barbosa, Evandro Amorim"]
[Result "0-1"]
[WhiteElo "2000"]
[BlackElo "2449"]
[PlyCount "160"]
[EventDate "2014.10.18"]
[EventRounds "11"]
[EventCountry "BRA"]

1. e4 c5 2. Nf3 e6 3. d3 d5 4. Qe2 Nf6 5. g3 Nc6 6. Bg2 Be7 7. O-O O-O 8. e5
Nd7 9. h4 b5 10. Re1 a5 11. Nbd2 b4 12. Nf1 Ba6 13. Ne3 a4 14. a3 bxa3 15. bxa3
Ndxe5 16. Nxe5 Nxe5 17. Bb2 Nc6 18. Qg4 Bf6 19. Bxf6 Qxf6 20. Qxa4 Nd4 21. Ng4
Qd8 22. c3 Bb5 23. Qd1 Ba4 24. Nh6+ Kh8 25. Qh5 g6 26. Nxf7+ Rxf7 27. Qe5+ Qf6
28. cxd4 cxd4 29. Qxf6+ Rxf6 30. Re2 Bb5 31. Rd2 Rf7 32. Rb1 Be8 33. Rb6 Re7
34. Re2 Bf7 35. Bxd5 Rxa3 36. Bc4 e5 37. Bxf7 Rxf7 38. Rxe5 Rxd3 39. Kf1 Rxg3
40. Ke1 Rg1+ 41. Ke2 Rg2 42. Kd3 Rgxf2 43. h5 Kg7 44. hxg6 hxg6 45. Kxd4 Rg2
46. Ree6 Kh6 47. Ke3 Kh5 48. Rb1 g5 49. Rbb6 Rgf2 50. Rh6+ Kg4 51. Rbg6 R7f3+
52. Ke4 Re2+ 53. Kd4 Rf4+ 54. Kd3 Re7 55. Rg8 Kg3 56. Rh5 Rf5 57. Kd4 Kf4 58.
Rh1 Re4+ 59. Kd3 Rd5+ 60. Kc3 Re3+ 61. Kc4 Rf5 62. Kd4 Rf3 63. Rg1 Rf2 64. Kd3
Rd5+ 65. Kc4 Re5 66. Rf8+ Rf5 67. Rg8 Rc2+ 68. Kd3 Rcc5 69. Rf1+ Kg3 70. Rxf5
Rxf5 71. Ke4 Rf4+ 72. Ke3 g4 73. Ke2 Kg2 74. Rg7 g3 75. Ke3 Rf5 76. Rg6 Kh2 77.
Ke2 g2 78. Rh6+ Kg1 79. Rg6 Rf7 80. Rg8 Rh7 0-1

[Event "IX American Continental Classical Championship 201"]
[Site "Hotel Pipa AtlÃ¢ntico - Praia da Pipa - Rio Grande"]
[Date "2014.10.18"]
[Round "1"]
[Board "25"]
[White "Krysa, Leandro"]
[Black "Moura, Paulo Jorge Alves B."]
[Result "1-0"]
[WhiteElo "2446"]
[BlackElo "2000"]
[PlyCount "69"]
[EventDate "2014.10.18"]
[EventRounds "11"]
[EventCountry "BRA"]

1. d4 d5 2. c4 Nf6 3. cxd5 Nxd5 4. Nf3 e6 5. e4 Nf6 6. e5 Nd5 7. a3 c5 8. dxc5
Bxc5 9. Bd3 Qa5+ 10. Nbd2 Nf4 11. Be2 Bd7 12. O-O Nxe2+ 13. Qxe2 Bb5 14. Nc4
Qa6 15. b3 Nd7 16. Bd2 O-O 17. Rfc1 Nb6 18. Ng5 h6 19. Ne4 Be7 20. Qg4 Kh7 21.
Rc3 f5 22. exf6 Bxf6 23. Nxf6+ Rxf6 24. Rg3 Rg8 25. Bc3 Nd5 26. Bxf6 Nxf6 27.
Qg6+ Kh8 28. Ne5 Be8 29. Nf7+ Bxf7 30. Qxf7 Qb6 31. Re1 e5 32. Rxe5 Qd4 33. Re1
Ne4 34. Rg4 Nd6 35. Qxg8+ 1-0

[Event "IX American Continental Classical Championship 201"]
[Site "Hotel Pipa AtlÃ¢ntico - Praia da Pipa - Rio Grande"]
[Date "2014.10.18"]
[Round "1"]
[Board "26"]
[White "Moccero, Eduardo"]
[Black "Martinez Alcantara, Jose Eduar"]
[Result "0-1"]
[WhiteElo "1997"]
[BlackElo "2440"]
[PlyCount "80"]
[EventDate "2014.10.18"]
[EventRounds "11"]
[EventCountry "BRA"]

1. d4 Nf6 2. Nf3 g6 3. c4 Bg7 4. Nc3 d5 5. e3 O-O 6. Be2 c6 7. O-O Bg4 8. Bd2
dxc4 9. Bxc4 Nbd7 10. Be2 Bxf3 11. Bxf3 e5 12. d5 e4 13. Nxe4 Nxd5 14. Qc2 Qe7
15. Rad1 Rfe8 16. Ng3 Rac8 17. a3 h5 18. Ne2 N7f6 19. Nc3 Red8 20. Qb3 Nb6 21.
Na4 Nxa4 22. Qxa4 Nd5 23. e4 Nc7 24. Qxa7 Nb5 25. Qb6 Nd4 26. Bc3 c5 27. Bxd4
Bxd4 28. Qb5 Rd6 29. e5 Qxe5 30. Qxb7 Rcd8 31. Qb3 Bxb2 32. Rxd6 Rxd6 33. a4
Bc3 34. Rd1 Rd2 35. h3 Bd4 36. Rf1 Rxf2 37. Rxf2 Qe1+ 38. Kh2 Be5+ 39. g3 Qxf2+
40. Kh1 Bxg3 0-1

[Event "IX American Continental Classical Championship 201"]
[Site "Hotel Pipa AtlÃ¢ntico - Praia da Pipa - Rio Grande"]
[Date "2014.10.18"]
[Round "1"]
[Board "27"]
[White "Paveto, Kevin"]
[Black "Pereira, Henry Alberto"]
[Result "1-0"]
[WhiteElo "2426"]
[BlackElo "1995"]
[PlyCount "77"]
[EventDate "2014.10.18"]
[EventRounds "11"]
[EventCountry "BRA"]

1. e4 d5 2. exd5 Qxd5 3. Nc3 Qd6 4. d4 c6 5. Nf3 Bg4 6. Be2 Nd7 7. O-O Ngf6 8.
h3 Bxf3 9. Bxf3 e6 10. Re1 O-O-O 11. Be3 Nb6 12. Qe2 Qc7 13. a4 Nbd5 14. Nxd5
Nxd5 15. Bd2 Be7 16. a5 Bf6 17. a6 b6 18. c3 g5 19. b4 Be7 20. b5 c5 21. c4 Nf4
22. Qe4 Rxd4 23. Qa8+ Qb8 24. Qb7+ Qxb7 25. axb7+ Kc7 26. Bc3 Bf6 27. Rxa7 Rb8
28. Bxd4 Bxd4 29. Ra8 h5 30. Rd1 g4 31. hxg4 hxg4 32. Bxg4 Rxb7 33. Bf3 Rb8 34.
Ra7+ Kd6 35. Bc6 Rh8 36. Rd7+ Ke5 37. Rxf7 Bc3 38. g3 Ne2+ 39. Kg2 1-0

[Event "IX American Continental Classical Championship 201"]
[Site "Hotel Pipa AtlÃ¢ntico - Praia da Pipa - Rio Grande"]
[Date "2014.10.18"]
[Round "1"]
[Board "28"]
[White "Albuquerque, Rafael Anderson"]
[Black "Molina, Roberto Junio Brito"]
[Result "0-1"]
[WhiteElo "1981"]
[BlackElo "2425"]
[PlyCount "88"]
[EventDate "2014.10.18"]
[EventRounds "11"]
[EventCountry "BRA"]

1. e4 c5 2. Nf3 e6 3. d4 cxd4 4. Nxd4 Nc6 5. Be3 Nf6 6. Nd2 Be7 7. c4 O-O 8.
Rc1 Qa5 9. Bd3 Nb4 10. Bb1 d5 11. a3 Nc6 12. cxd5 Nxd4 13. Bxd4 exd5 14. e5 Ne4
15. Bc3 Nxc3 16. Rxc3 d4 17. Qh5 g6 18. Rg3 Bf6 19. f4 Bg7 20. Qe2 Bd7 21. b4
Qb6 22. Nc4 Qc7 23. O-O Be6 24. Bd3 Bd5 25. Nd6 Rad8 26. Nb5 Qb6 27. a4 a5 28.
Rb1 Bc6 29. Na3 axb4 30. Nc4 Qc5 31. Qb2 Bh6 32. Rg4 Be4 33. Qc2 Rc8 34. Rc1
Bxd3 35. Qxd3 b5 36. axb5 Qxb5 37. Rh4 Bg7 38. f5 Bxe5 39. fxg6 hxg6 40. Rh3
Bg7 41. Rc2 Rfd8 42. Qb3 d3 43. Rxd3 Rxd3 44. Qxd3 b3 0-1